Index to the International science fiction yearbook, issue no. 1 (ISFY 1, Pierrot Publishing, October 1978) /

Bibliographic Details
Other Authors: Lester, Colin (Editor)
Format: Book
Language:English
Published: [United States] : [publisher not identified], [1978?]
Subjects:

MARC

Tag First Indicator Second Indicator Subfields
LEADER 00000cam a2200000Ii 4500
001 in00004001421
005 20190422110445.0
008 190228s1978 xxu 001 0 eng d
035 |a (OCoLC)on1088729879 
035 |a (OCoLC)1088729879 
040 |a TXA  |b eng  |e rda  |c TXA  |d UtOrBLW 
049 |a TXAM 
090 |a PN3448.S45  |b I572 1978 
245 0 0 |a Index to the International science fiction yearbook, issue no. 1 (ISFY 1, Pierrot Publishing, October 1978) /  |c compiled by Colin Lester. 
246 1 4 |a Index to ISFY 1 
264 1 |a [United States] :  |b [publisher not identified],  |c [1978?] 
300 |a 35 pages ;  |c 30 cm 
336 |a text  |b txt  |2 rdacontent 
337 |a unmediated  |b n  |2 rdamedia 
338 |a volume  |b nc  |2 rdacarrier 
500 |a Reproduced from typescript. 
650 0 |a Science fiction  |v Indexes. 
650 0 |a Science fiction  |v Periodicals  |v Indexes. 
655 7 |a Indexes.  |2 lcgft  |0 http://id.loc.gov/authorities/genreForms/gf2014026112 
700 1 |a Lester, Colin,  |e editor. 
994 |a C0  |b TXA 
948 |a cataloged  |b h  |c 2019/2/28  |d o  |e nbehmer  |f 5:42:21 pm 
999 f f |s 86b0f1a9-7ad6-34e3-b254-3d2d4775a478  |i df2c6964-bb83-3394-984b-98a001f8be5b  |t 0 
952 f f |p noncirc  |a Texas A&M University  |b College Station  |c Cushing Memorial Library & Archives  |d Cushing: Science Fiction (Does not check out)  |t 0  |e PN3448.S45 I572 1978  |f Vertical file  |h Library of Congress classification  |i unmediated -- volume 
998 f f |a PN3448.S45 I572 1978  |t 0  |l Cushing: Science Fiction (Does not check out)